| 000 | 00715nam a22002295i 4500 | ||
|---|---|---|---|
| 942 | _cBK | ||
| 999 |
_c557 _d557 |
||
| 001 | 20732264 | ||
| 003 | OSt | ||
| 005 | 20250420134816.0 | ||
| 008 | 181105s2019 nyu 000 0 eng | ||
| 010 | _a 2018963291 | ||
| 020 | _a9783030052782 | ||
| 040 |
_aDLC _beng _erda _cKCST |
||
| 042 | _apcc | ||
| 082 | _a621.31244 | ||
| 100 |
_aKaratha, Stravros _94913 |
||
| 245 | 0 | 0 |
_aLinear fresnel reflector systems for solar radiation concentration: _btheoretical analysis, mathematical formulation and parameters' computation using MATLAB / _cStravros Karatha |
| 260 |
_aNew York, NY : _bSpringer Berlin Heidelberg, _c2019. |
||
| 300 | _apages cm | ||
| 650 |
_aSolar radiation. _94914 |
||
| 942 | _2ddc | ||